[Event "LBV Open A 2012"]
[Site "Roosendaal NED"]
[Date "2012.08.19"]
[Round "6.1"]
[White "Kravtsiv, M."]
[Black "Van den Doel, E."]
[Result "1/2-1/2"]
[WhiteElo "2582"]
[BlackElo "2571"]
[PlyCount "154"]
[EventDate "2012.08.16"]
[SourceDate "1999.07.01"]

1. e4 e5 2. Nf3 Nc6 3. Bb5 a6 4. Ba4 Nf6 5. O-O Be7 6. Re1 b5 7. Bb3 d6 8. c3
O-O 9. h3 Na5 10. Bc2 c5 11. d4 Qc7 12. Nbd2 Be6 13. Nf1 cxd4 14. cxd4 Rac8 15.
Bd3 exd4 16. Nxd4 Nd7 17. b3 Nc6 18. Nxc6 Qxc6 19. Bb2 Bg5 20. Ne3 Nc5 21. Rc1
Qb7 22. Bb1 Nxe4 23. Rxc8 Rxc8 24. Qd4 Nf6 25. Qxd6 Ne8 26. Qd3 g6 27. Ng4 Qd7
28. Qxd7 Bxd7 29. Be4 Nd6 30. Bf3 Ne8 31. Ne3 Nf6 32. Rd1 Be6 33. Bb7 Rb8 34.
Bxa6 Ra8 35. Bxb5 Rxa2 36. Rd8+ Kg7 37. Bc3 Bxe3 38. fxe3 Bxb3 39. Rd6 Be6 40.
Bd7 Ra3 41. Bd4 Rxe3 42. Bxe3 Nxd7 43. Kf2 h5 44. Kg3 Kf6 45. Ra6 Kf5 46. Ra5+
Ke4 47. Bg5 Nb6 48. Ra1 Nc4 49. Re1+ Kd5 50. Bf6 Nb6 51. Bd8 Nd7 52. Kf4 Nc5
53. Rd1+ Kc4 54. Bf6 Nd7 55. Be7 Bf5 56. Ke3 Nb6 57. Rd4+ Kb5 58. Kf4 Kc6 59.
Rd6+ Kc7 60. Rd1 Kc6 61. Ke5 Nd7+ 62. Kd4 Nb6 63. Rc1+ Kd7 64. Bc5 Na8 65. Ke5
Nc7 66. Bb6 f6+ 67. Kd4 Ne6+ 68. Ke3 g5 69. Rd1+ Ke7 70. Rd2 h4 71. Ba7 g4 72.
Rf2 Ng7 73. hxg4 Bxg4 74. Bd4 Nh5 75. Rf1 h3 76. gxh3 Bxh3 77. Rh1 Bg4 1/2-1/2

[Event "45th Biel Masters Open"]
[Site "Biel SUI"]
[Date "2012.08.01"]
[Round "9"]
[White "Kurnosov, I."]
[Black "Roiz, M."]
[Result "1-0"]
[WhiteElo "2663"]
[BlackElo "2615"]
[PlyCount "115"]
[EventDate "2012.07.23"]
[SourceDate "1999.07.01"]

1. e4 e5 2. Nf3 Nc6 3. Bb5 a6 4. Ba4 Nf6 5. O-O Be7 6. Re1 b5 7. Bb3 d6 8. c3
O-O 9. h3 Nb8 10. d4 Nbd7 11. Nbd2 Bb7 12. Bc2 Re8 13. Nf1 Bf8 14. Ng3 g6 15.
b3 Rb8 16. Bg5 h6 17. Bd2 Bg7 18. d5 c6 19. c4 a5 20. Qe2 bxc4 21. bxc4 Qc7 22.
Rac1 Nc5 23. Ra1 Ncd7 24. Rec1 Nc5 25. Qe1 Ra8 26. Rab1 Reb8 27. Bc3 Nfd7 28.
Nf1 Bf6 29. Ne3 Bd8 30. Nd2 Bc8 31. Rxb8 Rxb8 32. Nb3 Nxb3 33. axb3 c5 34. Ra1
Ra8 35. Qd2 Nf8 36. Rf1 Bg5 37. Ra1 Bd8 38. Bd1 Bd7 39. Bg4 Be8 40. Rf1 h5 41.
Bd1 Nd7 42. g3 Nf6 43. Bc2 Qc8 44. Kh2 h4 45. gxh4 a4 46. b4 cxb4 47. Bxb4 Be7
48. Rg1 Bd7 49. Nf5 Bxf5 50. exf5 Qxc4 51. fxg6 Qf4+ 52. Qxf4 exf4 53. h5 a3
54. h6 fxg6 55. Bxg6 Kh8 56. Bc3 a2 57. Ba1 Ra7 58. Re1 1-0

[Event "81st ch-UKR 2012"]
[Site "Kiev UKR"]
[Date "2012.08.04"]
[Round "8.1"]
[White "Fedorchuk, S."]
[Black "Efimenko, Z."]
[Result "1-0"]
[WhiteElo "2634"]
[BlackElo "2689"]
[PlyCount "219"]
[EventDate "2012.07.27"]
[SourceDate "1999.07.01"]

1. e4 e5 2. Nf3 Nc6 3. Bb5 a6 4. Ba4 Nf6 5. O-O Be7 6. Re1 b5 7. Bb3 d6 8. c3
O-O 9. h3 Nd7 10. d4 Nb6 11. Nbd2 Bf6 12. Nf1 Re8 13. Ng3 g6 14. Bh6 Bb7 15.
Rc1 Nc4 16. Bxc4 bxc4 17. d5 Na5 18. b4 cxb3 19. axb3 Bc8 20. Ra1 Nb7 21. Re2
Bd7 22. Rea2 a5 23. b4 c5 24. dxc6 Bxc6 25. c4 Bd7 26. Nf1 Bc6 27. N3d2 Bh8 28.
Qg4 Bd7 29. Qg3 f5 30. exf5 Bxf5 31. Ne3 e4 32. Bg5 Qd7 33. Nd5 Qf7 34. Re1 Be5
35. Bf4 Bg7 36. bxa5 Rxa5 37. Rxa5 Nxa5 38. Ne3 Be6 39. Nxe4 Nxc4 40. Ng5 Qd7
41. Qh4 h5 42. Nxc4 Bxc4 43. Rxe8+ Qxe8 44. Bxd6 Bd5 45. Qg3 Qe1+ 46. Kh2 Qc3
47. f3 Qe3 48. h4 Bd4 49. Nh3 Kg7 50. Bf4 Qe7 51. Bh6+ Kh7 52. Bg5 Qe5 53. Bf4
Qf5 54. Bb8 Kg8 55. Qe1 Bf7 56. Bg3 Bf6 57. Qc1 Kg7 58. Qc7 Kg8 59. Nf2 Bd5 60.
Nh3 Bf7 61. Qc1 Kg7 62. Ng5 Kg8 63. Ne4 Be5 64. Bxe5 Qxe5+ 65. Kh1 Kg7 66. Qd2
Bd5 67. Ng5 Bc6 68. Kg1 Qc5+ 69. Kh1 Qe5 70. Qb4 Bd7 71. Ne4 Bc6 72. Ng5 Bd7
73. Qd2 Bc6 74. Kg1 Qc5+ 75. Qf2 Qxf2+ 76. Kxf2 Kf6 77. Ke3 Ke5 78. Ne4 Bb5 79.
Ng3 Ba6 80. f4+ Kf6 81. f5 Bb7 82. fxg6 Kxg6 83. Ne4 Bc8 84. Kf4 Bb7 85. Ke5
Bc6 86. g3 Bd7 87. Nf6 Bc8 88. Nd5 Bg4 89. Kd6 Kf7 90. Ne3 Bc8 91. Ke5 Kg6 92.
Ke4 Bh3 93. Ke5 Bc8 94. Nc2 Bh3 95. Nd4 Bc8 96. Nc6 Bh3 97. Kf4 Kf6 98. Ne5 Bc8
99. Nd3 Bd7 100. Nc5 Bf5 101. Nb7 Bh3 102. Nd6 Kg6 103. Ke5 Bg4 104. Ne4 Bc8
105. Nf6 Bh3 106. Nd5 Bg4 107. Ke4 Kf7 108. Kf4 Kg6 109. Ke5 Kg7 110. Nf6 1-0

[Event "21st Kavala Open A"]
[Site "Kavala GRE"]
[Date "2012.07.30"]
[Round "7"]
[White "Mastrovasilis, D."]
[Black "Sanikidze, T."]
[Result "1/2-1/2"]
[WhiteElo "2616"]
[BlackElo "2596"]
[PlyCount "61"]
[EventDate "2012.07.25"]
[SourceDate "1999.07.01"]

1. e4 e5 2. Nf3 Nc6 3. Bb5 a6 4. Ba4 Nf6 5. O-O Be7 6. Re1 b5 7. Bb3 d6 8. c3
O-O 9. d4 Bg4 10. d5 Na5 11. Bc2 c6 12. h3 Bc8 13. dxc6 Qc7 14. Nbd2 Qxc6 15.
Nf1 Be6 16. Ng3 Rfe8 17. Qe2 Rac8 18. Bd3 Nb7 19. Be3 Nc5 20. Bxc5 Qxc5 21.
Rac1 Qc7 22. a4 bxa4 23. Bxa6 Rb8 24. Bb5 Bd7 25. Bxd7 Nxd7 26. Nf5 Qb7 27. Rc2
g6 28. Nxe7+ Rxe7 29. Nd2 Nc5 30. Nc4 Nxe4 31. Qxe4 1/2-1/2

[Event "FIDE WGP Jermuk 2012"]
[Site "Jermuk ARM"]
[Date "2012.07.24"]
[Round "7"]
[White "Kosintseva, N."]
[Black "Koneru, H."]
[Result "1-0"]
[WhiteElo "2516"]
[BlackElo "2598"]
[PlyCount "79"]
[EventDate "2012.07.16"]
[SourceDate "1999.07.01"]

1. e4 e5 2. Nf3 Nc6 3. Bb5 a6 4. Ba4 Nf6 5. O-O Be7 6. Re1 b5 7. Bb3 d6 8. c3
O-O 9. d4 Bg4 10. Be3 exd4 11. cxd4 Na5 12. Bc2 Nc4 13. Bc1 c5 14. b3 Nb6 15.
Nbd2 Re8 16. a4 cxd4 17. axb5 axb5 18. Bb2 d5 19. e5 Nfd7 20. Qb1 Rxa1 21. Bxa1
Bb4 22. e6 Rxe6 23. Rxe6 Bxe6 24. Bxh7+ Kf8 25. Bxd4 g6 26. Qd3 Nc8 27. Qe3 Ne7
28. Ng5 Nf5 29. Nxe6+ fxe6 30. Qxe6 Nxd4 31. Qg8+ Ke7 32. Qg7+ Ke6 33. Qxd4
Bxd2 34. Qxd2 Qh8 35. Qe2+ Kf7 36. Bxg6+ Kxg6 37. Qg4+ Kh6 38. Qh3+ Kg7 39.
Qxd7+ Kg6 40. Qe6+ 1-0

[Event "Turkish Bank Chess League 2012"]
[Site "Konya TUR"]
[Date "2012.07.18"]
[Round "8"]
[White "Mamedov, Nid"]
[Black "Safarli, E."]
[Result "1/2-1/2"]
[WhiteElo "2601"]
[BlackElo "2623"]
[PlyCount "31"]
[EventDate "2012.07.11"]
[SourceDate "1999.07.01"]
[WhiteTeam "Mersin Ezgi"]
[BlackTeam "Antalya Calli"]

1. e4 e5 2. Nf3 Nc6 3. Bb5 a6 4. Ba4 Nf6 5. O-O Be7 6. Re1 b5 7. Bb3 d6 8. c3
O-O 9. h3 Nb8 10. d4 Nbd7 11. Nbd2 Bb7 12. Bc2 Re8 13. Nf1 Bf8 14. Ng3 g6 15.
a4 Bg7 16. Bd3 1/2-1/2

[Event "8th RUS-CHN Summit Men Rapid"]
[Site "St Petersburg RUS"]
[Date "2012.07.08"]
[Round "6"]
[White "Yu Yangyi"]
[Black "Matlakov, M."]
[Result "1/2-1/2"]
[WhiteElo "2656"]
[BlackElo "2668"]
[PlyCount "112"]
[EventDate "2012.07.07"]
[SourceDate "1999.07.01"]

1. e4 e5 2. Nf3 Nc6 3. Bb5 a6 4. Ba4 Nf6 5. O-O Be7 6. Re1 b5 7. Bb3 d6 8. c3
O-O 9. h3 Re8 10. d4 Bb7 11. Nbd2 Bf8 12. a3 h6 13. Ba2 Nb8 14. Qb3 Qd7 15. Qc2
c5 16. d5 Qc7 17. c4 Nbd7 18. b3 Reb8 19. Bb2 Bc8 20. Rec1 Nh5 21. g3 Nb6 22.
Kg2 bxc4 23. bxc4 Na4 24. Rab1 Nxb2 25. Rxb2 Rxb2 26. Qxb2 Rb8 27. Qc3 Qd7 28.
Ng1 Nf6 29. Bb1 h5 30. f4 exf4 31. gxf4 Qe7 32. Ngf3 g6 33. e5 Nd7 34. e6 fxe6
35. Re1 Qf6 36. Qxf6 Nxf6 37. dxe6 Be7 38. Bxg6 Rb2 39. Bf7+ Kf8 40. Kg3 Bb7
41. Nh4 Kg7 42. Ng6 h4+ 43. Kxh4 Ng8+ 44. Nxe7 Nxe7 45. Re2 d5 46. cxd5 Bxd5
47. Bh5 Ra2 48. Kg5 c4 49. f5 c3 50. f6+ Kf8 51. Nb3 Rxe2 52. Bxe2 Bxb3 53.
fxe7+ Kxe7 54. Bd3 c2 55. Bxc2 Bxc2 56. Kf4 Kxe6 1/2-1/2